| 000 | 00893nam a22002417a 4500 | ||
|---|---|---|---|
| 001 | 48402 | ||
| 003 | BD-RjUL | ||
| 005 | 20211209054522.0 | ||
| 008 | 160814s1987 ii ||||| |||| 00| 0 ben d | ||
| 020 | _c: IRs 100.00 | ||
| 035 | _a(BD-RjUL)48521 | ||
| 040 |
_aBD-RjUL _bben _cBD-RjUL |
||
| 041 | _aben | ||
| 082 |
_223 _a891.4408 _bDHD 1987 |
||
| 100 |
_aধূর্জটিপ্রসাদ _9135658 |
||
| 245 | 1 | 0 |
_aধূর্জটিপ্রসাদ রচনাবলী / _cধূর্জটিপ্রসাদ |
| 260 |
_aকলিকাতা : _bছায়া দেবী, _c১৯৮৭ |
||
| 300 |
_a খণ্ড ; _c১৯ সেমি. |
||
| 505 | 0 | _aখণ্ড ২ -- খণ্ড ৩ -- | |
| 650 |
_aবাংলা সাহিত্য _xসংগ্রহ _9122902 |
||
| 650 |
_aBengali LIterature _xCollection _9122903 |
||
| 942 |
_2ddc _cBK _02 |
||
| 999 |
_c48402 _d48402 |
||